000 00471nam a2200181Ia 4500
005 20250603145514.0
008 250603s9999 xx 000 0 und d
020 _a9780128211908
050 _aHD 9579 .C66/
100 _aCook, Mark
245 0 _aPetroleum economics and risk analysis : a practical guide to e&p investment decision-making
260 _aAmsterdam
260 _bElsevier
260 _c2021
300 _a356 p
650 _aAmsterdam
942 _cBK
999 _c42053
_d42053